000 00830nam a2200253 a 4500
999 _c2361
_d2361
008 200312s2018 ii adb|g m|||a00| 0 eng d
040 _aKO
_beng
041 0 _aeng
044 _aii
082 0 4 _223
_a378.242
_bIRM1723
100 1 _aSharma, Nikhil
_eResearcher
245 1 0 _aAir Cargo Operations and Unitization of Cargo /
_cNikhil Sharma ; Guide Dr. U. Sreejith
260 _aKochi :
_bIndian Maritime University,
_c2018
300 _a 64 p. :
_bill., charts, maps ;
_c29 cm.
490 0 _aMBA Internship 2017-19 ;
_v1705305023
502 _aInternship (MBA)–Indian Maritime University. School of Maritime Management, 2019.
650 0 _aAirdrop
650 0 _aCargo handling
655 7 _2lcsh
_aDissertations, Academic
_y2018
700 1 _aSreejith, U.
_cDr.
_eGuide
904 _aReshma_R
942 _cTH